|
|
|
|
| LEADER |
00000csc a2200000 a 4500 |
| 001 |
32726 |
| 005 |
20230906143240.0 |
| 008 |
963092|1956 ||||||||r|||||||||||spa|| |
| 040 |
|
|
|b spa
|
| 041 |
1 |
|
|a spa
|
| 082 |
0 |
|
|a 927.8
|
| 100 |
1 |
|
|a Sopeña Ibáñez, Federico.
|d 1917-1991
|9 287383
|
| 245 |
|
|
|a Joaquín Turina
|c Federico Sopeña
|h imp
|
| 264 |
|
|
|a Madrid
|b Editora Nacional
|c 1956
|
| 300 |
|
|
|a 145 páginas:
|c 21 cm
|
| 490 |
|
|
|a Libros de Actualidad Intelectual
|
| 504 |
|
|
|a incl. ref.
|
| 650 |
|
|
|a Turina joaquin
|9 287384
|
| 852 |
|
|
|a UC-CDJBV
|c ESTANTERIA CERRADA
|f Donación
|k margarita.gutierrez
|l 1
|m General
|p 19630924
|q 15,00
|r 2
|t 32726
|b 0
|d CDRC
|e CDRC
|g 927.8 ESTANTERIA CERRADA
|z 1963-30-92
|
| 942 |
|
|
|
| 999 |
|
|
|c 113332
|d 113332
|